000 00431nam a22001577a 4500
999 _c512429
_d512429
008 191122b ||||| |||| 00| 0 eng d
100 _aGentzkow, Matthew
_913676
245 _aText as data
260 _bJournal of Economic Literature
300 _a57(3), Sep, 2019: p.535-574.
700 _aKelly, Bryan
_913677
700 _aTaddy, Matt
_913678
773 _aJournal of Economic Literature
906 _aData
942 _cAR